| 000 | 01070nam a22002657a 4500 | ||
|---|---|---|---|
| 005 | 20091030143917.0 | ||
| 008 | 091030t xxu||||| |||| 00| 0 eng d | ||
| 010 | _aENG-95278 | ||
| 020 |
_a9780070677388 _c495.00 |
||
| 020 |
_a0070677387 _c495.00 |
||
| 035 | _aEN-78811 | ||
| 040 | _aDPL | ||
| 082 |
_a658.1141 _221 |
||
| 100 | _aTimmons, Jeffry A. | ||
| 245 |
_aNew venture creation : _bentrepreneurship for the 21st century / _cby Jeffry A. Timmons and Stephen Spinelli, Jr. |
||
| 250 | _a7th ed. | ||
| 260 |
_aNew Delhi _bTata McGraw-Hill Education _c2009 |
||
| 300 |
_axxx, 658 p. : _bill., _c28 cm. (pbk) |
||
| 500 | _aIncludes bibliographical references and index. | ||
| 650 |
_aNew business enterprises _vHandbooks, manuals, etc. |
||
| 650 |
_aEntrepreneurship _vHandbooks, manuals, etc. |
||
| 700 | _aSpinelli, Stephen. | ||
| 942 |
_2ddc _cBN _mTIM _h658.1141 |
||
| 999 |
_c31216 _d31216 |
||